Quelle attraction est a DisneyLand Paris Mort Subite - Statistiques

Statistiques générales
  • Ce quiz a été pris 606 fois
  • Le résultat moyen est 6 sur 10
Answers on the Grid
Answers color-coded by a green-red scale on the quiz's grid according to % correct below.
HyperSpaceMoutain
Buzz Lightyear Lazer Blast
Le mystère du Noctilien
It's a big World
Caser Jr Le petit train du cirque
Mad Hatter Tea Cups
Le carrousel de Balthazar
Indiana Jones et le temple du Péril
L'arbre des castors
Big Thunder Mountain
Phamtom Castle
Chérie j'ai rétércit le public
Splash Mountain
Studio tram tour
Carapace's coaster
Rock n roller coaster
Armaguidon
Ratatouille la folle aventure du rat
Spider man web adventure
Winnie the Pooh
 
Statistiques - réponses
Réponse % Correct
HyperSpaceMoutain
92%
Buzz Lightyear Lazer Blast
83%
Indiana Jones et le temple du Péril
67%
Big Thunder Mountain
65%
Mad Hatter Tea Cups
53%
Caser Jr Le petit train du cirque
51%
Rock n roller coaster
46%
Spider man web adventure
42%
Studio tram tour
31%
Chérie j'ai rétércit le public
26%
Aucun quiz correspondant
Distribution des résultats
% des personnes avec chaque résultat
Percentile par nombre de réponses
Votre historique - résultats
Vous n’avez pas pris ce quiz